COMPENDIUM OF INDIAN MEDICINALPLANTS: V-1 (Record no. 296775)

MARC details
000 -LEADER
fixed length control field 005160000a22001810004500
082 ## - DEWEY DECIMAL CLASSIFICATION NUMBER
Classification number 581.634 RAS/CO
100 ## - MAIN ENTRY--PERSONAL NAME
Personal name MEHROTRA, B N
Date of a work Author
100 ## - MAIN ENTRY--PERSONAL NAME
Personal name RASTOGI, RAM P
Date of a work Author
245 ## - TITLE STATEMENT
Title COMPENDIUM OF INDIAN MEDICINALPLANTS: V-1
260 ## - PUBLICATION, DISTRIBUTION, ETC. (IMPRINT)
Place of publication, distribution, etc. LUCKNOW, CENTRAL DRUG RESEARCH INSTITUTE
260 ## - PUBLICATION, DISTRIBUTION, ETC. (IMPRINT)
Date of publication, distribution, etc. 1993
300 ## - PHYSICAL DESCRIPTION
Extent pages 515
650 ## - SUBJECT ADDED ENTRY--TOPICAL TERM
Topical term or geographic name as entry element BIOLOGICAL ACTIVITIES
650 ## - SUBJECT ADDED ENTRY--TOPICAL TERM
Topical term or geographic name as entry element CHEMICAL STRUCTURES
650 ## - SUBJECT ADDED ENTRY--TOPICAL TERM
Topical term or geographic name as entry element INDEXES-LOCAL NAME,CHEMICAL CONSTITUENT
650 ## - SUBJECT ADDED ENTRY--TOPICAL TERM
Topical term or geographic name as entry element INDIAN MEDICINAL PLANTS
942 ## - ADDED ENTRY ELEMENTS (KOHA)
Koha item type Books (General)
Holdings
Withdrawn status Lost status Source of classification or shelving scheme Damaged status Not for loan Home library Current library Date acquired Total Checkouts Full call number Barcode Date last seen Price effective from Koha item type
    Dewey Decimal Classification     College of Agriculture, Padannakkad College of Agriculture, Padannakkad 24/07/2013   581.634 RAS/CO KAU_COAP-00891 24/07/2013 24/07/2013 Books (General)
Kerala Agricultural University Central Library
Thrissur-(Dt.), Kerala Pin:- 680656, India
Ph : (+91)(487) 2372219
E-mail: librarian@kau.in
Website: http://library.kau.in/